000 00769 a2200181 4500
001 142468
040 _cLeonardo Da Vinci
041 _aPortuguês
082 _av210
100 _aEDUCACIONAL SHOP VIDEO
245 _aEstrutura do átomo
250 _av.1-2
260 _bESV
_aSão Paulo
490 _aTV Ontario
520 _aHistória e a evolução do modelo atômico, das hipóteses dos primeiros filósofos gregos até o modelo mecânico ondulatório dos físicos atômicos modernos. Experiências feitas pelos cientistas (Bohr, de Broglie, Faraday e Rutherford) usando a eletricidade, radioatividade e espectrocopia
697 _aQuímica
_aÁtomos
_aEstrutura
_aModelo de Rutherford
_aModelo de Bohr
_aEspectro
_aModelo Mecânico
_aOndulatório
942 _cVM
999 _c142468
_d142468